Děti z planety D.S. / Olga Strusková
Record details
- ISBN: 80-86103-31-5
- Physical Description: 165 s. : il. ; 20 cm
- Edition: 1. vyd.
- Publisher: Praha : G plus G, 2000
Content descriptions
| Bibliography, etc. Note: | Obsahuje bibliografii |
Search for related items by subject
| Subject: | nemoci u dětí Downův syndrom Down syndrome > Biography |
| Genre: | příběhy |
Search for related items by series
Available copies
- 0 of 1 copy available at Common Catalog SPOK.
Holds
- 0 current holds with 1 total copy.
Show Only Available Copies
| Location | Call Number / Copy Notes | Barcode | Shelving Location | Status | Due Date |
|---|---|---|---|---|---|
| Jabok Library | PeS-5.7 | 424480005539 | Odborná literatura | Checked out | 04.04.2024 |
| LDR | 01056nam a2200361 a 4500 | ||
|---|---|---|---|
| 001 | 2057 | ||
| 003 | CZ-PrJAB | ||
| 005 | 20160126080318.0 | ||
| 007 | tu | ||
| 008 | 000523s2000 xr a e 000 j cze | ||
| 015 | . | ‡acnb000965014 | |
| 020 | . | ‡a80-86103-31-5 ‡q(brož.) | |
| 035 | . | ‡a(CZ PrNK)cpk20000965014 | |
| 035 | . | ‡a(OCoLC)46964347 | |
| 040 | . | ‡aABA001 ‡bcze | |
| 072 | 7. | ‡a616-053.2 ‡xPediatrie ‡2Konspekt ‡914 | |
| 080 | . | ‡a616.1/.9-053.2 ‡2MRF | |
| 080 | . | ‡a616.899-056.7 ‡2MRF | |
| 080 | . | ‡a82-32 ‡2MRF | |
| 100 | 1 | . | ‡aStrusková, Olga, ‡d1950- ‡7jn20000402303 ‡4aut |
| 245 | 1 | 0. | ‡aDěti z planety D.S. / ‡cOlga Strusková |
| 250 | . | ‡a1. vyd. | |
| 260 | . | ‡aPraha : ‡bG plus G, ‡c2000 | |
| 300 | . | ‡a165 s. : ‡bil. ; ‡c20 cm | |
| 490 | 1 | . | ‡aZde a nyní |
| 504 | . | ‡aObsahuje bibliografii | |
| 650 | 0 | 7. | ‡anemoci u dětí ‡7ph134932 ‡2czenas |
| 650 | 0 | 7. | ‡aDownův syndrom ‡7ph134764 ‡2czenas |
| 650 | 0 | 9. | ‡aDown syndrome ‡xBiography ‡2eczenas |
| 655 | 7. | ‡apříběhy ‡7fd133204 ‡2czenas | |
| 830 | 0. | ‡aZde a nyní | |
| 910 | . | ‡aABG312 | |
| 901 | . | ‡a2057 ‡bUnknown ‡c2057 ‡tbiblio | |